[Event "Mondiale Semilampo FIDE 2024"]
[Site "New York"]
[Date "28.12.2024"]
[Round "13.74"]
[White "Lou, Yiping"]
[Black "Soo, Kai Jie"]
[Result "0-1"]
[WhiteTitle "IM"]
[BlackTitle "FM"]
[WhiteElo "2459"]
[BlackElo "2153"]
[WhiteFideId "8603928"]
[BlackFideId "5803454"]
[EventDate "26.12.2024"]

1. c4 e6 2. Nc3 d5 3. d4 Nf6 4. cxd5 exd5 5. Bg5 c6 6. e3 Be7 7. Bd3 Nbd7 8. Nf3
Nh5 9. Bxe7 Qxe7 10. Qc2 Nf4 11. Bf1 Nb6 12. O-O-O Ne6 13. Kb1 g6 14. h3 Ng7 15.
g4 h5 16. Rg1 hxg4 17. hxg4 Be6 18. Ne5 Nd7 19. f4 Nxe5 20. dxe5 Rh4 21. Be2 Qc5
22. f5 gxf5 23. gxf5 Bxf5 24. Bd3 Bxd3 25. Qxd3 Ne6 26. Rg8+ Nf8 27. Rf1 O-O-O
28. Qf5+ Nd7 29. Qxf7 Nxe5 30. Rxd8+ Kxd8 31. Qxb7 Rb4 32. Qg7 Qe7 33. Qg8+ Kc7
34. Qa8 Rb7 35. Rf8 Nc4 36. Qc8+ Kb6 37. Rf5 Nd6 38. Na4+ Ka5 39. Qxc6 Qe4+ 40.
Kc1 Qxe3+ 41. Kd1 Qd3+ 42. Kc1 Qxf5 43. Qc5+ Nb5 44. Nc3 Qf4+ 45. Kc2 Qc4 0-1

[Event "Mondiale Semilampo FIDE 2024"]
[Site "New York"]
[Date "28.12.2024"]
[Round "13.75"]
[White "Mamedov, Edgar"]
[Black "Bilych, Oleksii"]
[Result "1/2-1/2"]
[WhiteTitle "IM"]
[BlackTitle "IM"]
[WhiteElo "2441"]
[BlackElo "2435"]
[WhiteFideId "13739980"]
[BlackFideId "14156504"]
[EventDate "26.12.2024"]

1. d4 d5 2. c4 e6 3. Nf3 Nf6 4. Nc3 c6 5. e3 Nbd7 6. Be2 Bd6 7. O-O O-O 8. b3 b6
9. Bb2 Bb7 10. Bd3 c5 11. cxd5 exd5 12. Ne2 Re8 13. Ng3 g6 14. Rc1 Rc8 15. Qe2
Qe7 16. Ba6 Bxa6 17. Qxa6 Rc7 18. Rc2 Rec8 19. Rfc1 h5 20. Qd3 Qe6 21. dxc5 bxc5
22. Ne2 Qe4 23. Qd1 Bf8 24. Rd2 Qf5 25. Nc3 Nb6 26. Qe2 Rd7 27. Rcd1 Bh6 28. Rd3
Re7 29. Qc2 c4 30. R3d2 Qxc2 31. Rxc2 cxb3 32. axb3 Rec7 33. Nd4 Ne4 34. Nxe4
Rxc2 35. Nf6+ Kh8 36. Nxc2 Rxc2 37. Bd4 Bg7 38. g3 Rc6 39. Nxd5 Nxd5 40. Bxg7+
Kxg7 41. Rxd5 Rb6 42. Rd3 a5 43. e4 Rb4 44. e5 Kf8 45. f4 a4 46. bxa4 Rxa4 47.
Rd2 Ke7 48. Rb2 h4 49. Kg2 hxg3 50. hxg3 Ra3 51. Rb6 Kf8 52. Rb7 Rc3 53. Kf2 Ra3
54. Rc7 Rb3 55. Ra7 Rc3 56. Kg2 Rb3 57. Kh3 Rb6 58. Kh4 Kg7 59. Rd7 Ra6 60. Kg5
Ra5 61. Kg4 Ra6 62. Kh4 Rb6 63. g4 Rb4 64. Kg5 Rb5 65. Rc7 Ra5 66. Rb7 Rc5 67.
Re7 Ra5 68. Kh4 Ra4 69. Kg5 Ra5 70. Rd7 Rb5 71. Kh4 Rb4 72. Kg3 Rb3+ 73. Kf2
Rb2+ 74. Ke3 Rb3+ 75. Ke4 Rb4+ 76. Rd4 Rb1 77. f5 gxf5+ 78. gxf5 Kf8 79. Rd7
Rb4+ 80. Kd5 Rb5+ 81. Kd6 Rb6+ 82. Kc7 Ra6 83. Rd8+ Kg7 84. f6+ Kg6 85. Kd7 Ra5
86. Kd6 Ra6+ 87. Kd5 Ra5+ 88. Ke4 Ra4+ 89. Rd4 Ra1 90. Rd2 Ra4+ 91. Kd5 Ra5+ 92.
Kd6 Ra6+ 93. Kd5 Ra5+ 94. Ke4 Ra4+ 95. Rd4 Ra1 96. Rd7 Ra4+ 97. Kd5 Ra5+ 98. Kd6
Ra6+ 99. Kc7 Ra5 100. Re7 Ra7+ 101. Kb6 Ra1 102. Re8 Rc1 103. Re7 Rc2 104. Kb7
Rc1 105. Rc7 Ra1 106. Kc8 Ra5 1/2-1/2

[Event "Mondiale Semilampo FIDE 2024"]
[Site "New York"]
[Date "28.12.2024"]
[Round "13.76"]
[White "Druska, Juraj"]
[Black "Kvaloy, Aksel Bu"]
[Result "1/2-1/2"]
[WhiteTitle "IM"]
[BlackTitle "IM"]
[WhiteElo "2423"]
[BlackElo "2490"]
[WhiteFideId "14915650"]
[BlackFideId "1528815"]
[EventDate "26.12.2024"]

1. e4 e5 2. Nf3 Nc6 3. Nc3 Nf6 4. d4 Bb4 5. Nxe5 Bxc3+ 6. bxc3 Qe7 7. f3 Nxe5 8.
dxe5 Qxe5 9. Qd4 d6 10. a4 O-O 11. Kf2 a5 12. Bb5 Be6 13. Rb1 Rfd8 14. Be3 b6
15. h4 Nh5 16. Bc6 Qg3+ 17. Kf1 Rab8 18. Rb5 d5 19. exd5 Qg6 20. Bf2 Ng3+ 21.
Bxg3 Qxg3 22. Qf2 Qf4 23. g3 Qxa4 24. Kg2 Bd7 25. Rxb6 Bxc6 26. Rxc6 Rxd5 27.
Rxc7 Rbd8 28. Re1 h6 29. Re2 Qa1 30. c4 Rd1 31. Rce7 a4 32. Qc5 R1d2 33. Rxd2
Rxd2+ 34. Kh3 Qf6 35. Qe3 Qf5+ 36. g4 Qxc2 37. Qe4 Qxe4 38. Rxe4 a3 39. Re8+ Kh7
40. Ra8 a2 41. c5 Rc2 42. h5 g6 43. hxg6+ Kxg6 44. Ra6+ Kg7 45. c6 Rxc6 46. Rxa2
Rc3 47. Kg3 Rc4 48. Ra6 Rb4 49. Rc6 Ra4 50. Rc5 Rb4 51. Rf5 Kg6 52. Rf4 Rxf4 53.
Kxf4 Kf6 54. Ke4 Kg5 55. Ke5 h5 56. gxh5 Kxh5 57. Kf6 Kh4 58. f4 Kg4 59. Kxf7
Kxf4 1/2-1/2

[Event "Mondiale Semilampo FIDE 2024"]
[Site "New York"]
[Date "28.12.2024"]
[Round "13.77"]
[White "Schnaider, Ilan"]
[Black "Macovei, Andrei"]
[Result "1/2-1/2"]
[WhiteTitle "IM"]
[BlackTitle "IM"]
[WhiteElo "2392"]
[BlackElo "2477"]
[WhiteFideId "169013"]
[BlackFideId "13904680"]
[EventDate "26.12.2024"]

1. d4 Nf6 2. Nc3 d5 3. Bf4 g6 4. Qd2 Bg7 5. Bh6 O-O 6. Bxg7 Kxg7 7. e3 c5 8. h3
Nc6 9. g4 h6 10. dxc5 Qa5 11. O-O-O e5 12. Nf3 Rd8 13. a3 Qxc5 14. Na4 Qe7 15.
Bb5 Bd7 16. g5 hxg5 17. Nxg5 Rac8 18. Rhg1 Bf5 19. Bd3 e4 20. Bb5 Ne5 21. Kb1 a6
22. Be2 b5 23. Nc3 Nc6 24. Bg4 Nxg4 25. hxg4 Qxg5 26. gxf5 Qxf5 27. Nxd5 Ne5 28.
Qd4 Rd7 29. f4 exf3 30. e4 Qe6 31. Qe3 Rh8 32. Rh1 Rdd8 33. Qf4 Rxh1 34. Rxh1
Rh8 35. Rxh8 Kxh8 36. Nc7 Qe7 37. Nd5 Qd6 38. Nf6 Qd1+ 39. Ka2 Kg7 40. Qxe5 Qxc2
41. Nd5+ Kh7 42. Nf6+ Kg7 43. Nh5+ Kh6 44. Ng3 Qc4+ 45. Kb1 Qd3+ 46. Ka1 Kh7 47.
Qf4 Kg8 48. Qb8+ Kh7 49. Qf4 Kg8 50. Qf6 a5 51. Qf4 b4 52. axb4 axb4 53. Qb8+
Kh7 54. Qf4 Kg8 55. Qb8+ Kh7 56. Qf4 Kg8 57. Qb8+ Kh7 58. Qf4 Kg8 1/2-1/2

[Event "Mondiale Semilampo FIDE 2024"]
[Site "New York"]
[Date "28.12.2024"]
[Round "13.78"]
[White "Manon, Reja Neer"]
[Black "Corrales Jimenez, Fidel"]
[Result "1-0"]
[WhiteTitle "IM"]
[BlackTitle "GM"]
[WhiteElo "2429"]
[BlackElo "2555"]
[WhiteFideId "10224009"]
[BlackFideId "3506690"]
[EventDate "26.12.2024"]

1. e4 c5 2. Nf3 Nc6 3. Bb5 g6 4. O-O Bg7 5. Re1 d6 6. c3 Bg4 7. h3 Bxf3 8. Qxf3
Rc8 9. d3 e6 10. Na3 Ne7 11. Bg5 O-O 12. Rad1 Qc7 13. Bf6 Ne5 14. Qf4 a6 15. d4
cxd4 16. cxd4 axb5 17. Nxb5 Qa5 18. Bxe7 Nd3 19. Rxd3 Qxe1+ 20. Kh2 e5 21. Qd2
Qf1 22. Nxd6 exd4 23. f4 Rc1 24. Bxf8 Bxf8 25. e5 g5 26. Rxd4 Re1 27. Re4 Rd1
28. Qe2 Qg1+ 29. Kg3 h5 30. fxg5 Be7 31. Kh4 Rf1 32. Kxh5 Rf2 33. Qc4 Qxg2 34.
Qc8+ Kh7 35. Qg4 Rxb2 36. Qf5+ Kh8 37. Nxf7+ Kg7 38. Nh6 Kh8 39. Qc8+ 1-0

[Event "Mondiale Semilampo FIDE 2024"]
[Site "New York"]
[Date "28.12.2024"]
[Round "13.79"]
[White "Matviishen, Viktor"]
[Black "Bologan, Victor"]
[Result "0-1"]
[WhiteTitle "GM"]
[BlackTitle "GM"]
[WhiteElo "2566"]
[BlackElo "2600"]
[WhiteFideId "14129850"]
[BlackFideId "13900048"]
[EventDate "26.12.2024"]

1. d4 Nf6 2. c4 g6 3. Nc3 Bg7 4. e4 d6 5. Be2 Nbd7 6. Be3 c5 7. d5 a6 8. a4 O-O
9. Nf3 Ng4 10. Bg5 Re8 11. Nd2 Ngf6 12. O-O e6 13. Qc2 h6 14. Bh4 e5 15. a5 g5
16. Bg3 Nf8 17. b4 cxb4 18. Na4 Qxa5 19. c5 dxc5 20. Rfb1 N8d7 21. h4 Qc7 22.
hxg5 hxg5 23. Rxb4 b5 24. Nb2 Ra7 25. Rb3 c4 26. Rc3 Nb6 27. Nf1 a5 28. Ne3 a4
29. Nbxc4 bxc4 30. Nxc4 Nbxd5 31. exd5 Nxd5 32. Rca3 Bd7 33. Rd1 Nf4 34. Bf1 Bb5
35. Qa2 Rd8 36. Rb1 Be8 37. Ne3 Bf8 38. Ng4 Bxa3 39. Qxa3 Rb7 40. Re1 Qd6 41.
Qf3 Bc6 42. Qc3 Rb3 43. Qc2 e4 44. Bc4 Rb6 45. Qc3 Qd4 46. Qa5 Bd5 47. Nh6+ Kh7
48. Nf5 Qf6 49. Ne3 Bxc4 50. Nxc4 Ra6 51. Qb4 Rd4 52. Qc3 Ne2+ 0-1

[Event "Mondiale Semilampo FIDE 2024"]
[Site "New York"]
[Date "28.12.2024"]
[Round "13.80"]
[White "Escobar Forero, Alder"]
[Black "Benjamin, Joel"]
[Result "1-0"]
[WhiteTitle "GM"]
[BlackTitle "GM"]
[WhiteElo "2420"]
[BlackElo "2473"]
[WhiteFideId "4400801"]
[BlackFideId "2000091"]
[EventDate "26.12.2024"]

1. e4 e5 2. Nf3 Nc6 3. Bb5 a6 4. Ba4 Nf6 5. O-O d6 6. Re1 Bd7 7. c4 Be7 8. Nc3
O-O 9. d3 b5 10. cxb5 Nd4 11. bxa6 Bg4 12. Be3 Rxa6 13. Bxd4 exd4 14. Ne2 Bxf3
15. gxf3 Nh5 16. f4 Bh4 17. Bb3 d5 18. f5 Qg5+ 19. Kf1 Bxf2 20. Kxf2 Rg6 21. Rg1
Qe3+ 22. Kf1 Qh3+ 23. Ke1 Rxg1+ 24. Nxg1 Qxh2 25. Nf3 Qf4 26. Nxd4 Qe3+ 27. Ne2
Nf4 28. Qd2 Nxd3+ 29. Kd1 Qxe4 30. Nc1 Nf4 31. Ne2 Qh1+ 32. Kc2 Qe4+ 33. Kd1 Ng2
34. Nc3 Qg4+ 35. Kc1 c6 36. a4 Re8 37. Bd1 Qg3 38. a5 Ne3 39. a6 Nc4 40. a7 Nxd2
41. a8=Q Qe3 42. Kc2 Nc4 43. Ra2 h5 44. Qxc6 Qf2+ 45. Kb1 Re1 46. Qxd5 Ne3 47.
Qd3 h4 48. f6 g6 49. Qd8+ Kh7 50. Ra8 Kh6 51. Qd4 Qf5+ 52. Ka2 Kg5 53. Ne4+ Kf4
54. Nd6+ 1-0

[Event "Mondiale Semilampo FIDE 2024"]
[Site "New York"]
[Date "28.12.2024"]
[Round "13.81"]
[White "Dragnev, Valentin"]
[Black "Horvath, Dominik"]
[Result "1/2-1/2"]
[WhiteTitle "GM"]
[BlackTitle "GM"]
[WhiteElo "2563"]
[BlackElo "2542"]
[WhiteFideId "1634852"]
[BlackFideId "1642561"]
[EventDate "26.12.2024"]

1. c4 g6 2. g3 Bg7 3. Bg2 e6 4. Nf3 Ne7 5. O-O O-O 6. d4 d5 7. Nc3 Nbc6 8. c5 b6
9. cxb6 cxb6 10. b3 a5 11. Ba3 Ba6 12. Qd2 Re8 13. Rfd1 Nf5 14. e3 Rc8 15. Rac1
Nd6 1/2-1/2

[Event "Mondiale Semilampo FIDE 2024"]
[Site "New York"]
[Date "28.12.2024"]
[Round "13.82"]
[White "Rosen, Eric"]
[Black "Wagner, Dennis"]
[Result "1-0"]
[WhiteTitle "IM"]
[BlackTitle "GM"]
[WhiteElo "2377"]
[BlackElo "2616"]
[WhiteFideId "2032562"]
[BlackFideId "24650684"]
[EventDate "26.12.2024"]

1. d4 Nf6 2. Bf4 d5 3. Nf3 c5 4. e3 Nc6 5. Nbd2 Nh5 6. Be5 e6 7. c4 cxd4 8. cxd5
Qxd5 9. Bxd4 Be7 10. Bc4 Qd8 11. Bc3 Nf6 12. O-O O-O 13. Qc2 Nd5 14. Rfd1 Nxc3
15. Qxc3 Qa5 16. Qc2 Bd7 17. Ne4 Rfd8 18. a3 Ne5 19. Be2 Ba4 20. Rxd8+ Rxd8 21.
Qc3 Nxf3+ 22. Bxf3 Qxc3 23. Nxc3 Bb3 24. Bxb7 Rd2 25. Rb1 f5 26. Bf3 Bf6 27. Kf1
Kf7 28. Ke1 Rxb2 29. Rxb2 Bxc3+ 30. Rd2 e5 31. Ke2 Bc4+ 32. Kd1 Bxd2 33. Kxd2 a5
34. Kc3 Bf1 35. Bd5+ Ke7 36. g3 Kd6 37. Bc4 Bh3 38. f4 h6 39. Kb3 e4 40. Bf7 Kc5
41. Bg6 Bg4 42. Kc3 Kd5 43. Bf7+ Kc5 44. Be6 Bh3 45. Kd2 Kb5 46. Bb3 Kc5 47. Kc3
Bg4 48. Ba4 Bh3 49. Bd1 Bg4 50. Bc2 Bh3 51. Bb3 Bg4 52. Ba2 Bh3 53. Bc4 Bg4 54.
Bf1 Bh5 55. Bh3 Bg4 56. Bg2 Bh5 57. Bf1 Bg4 58. Kd2 Bh5 59. h3 Bf3 60. Kc3 Bd1
61. Bc4 Kd6 62. Kd4 Bf3 63. Bf1 Bd1 64. Ba6 Bh5 65. Bc8 Bg6 66. Kc4 Kc7 67. Be6
Kd6 68. Bg8 Be8 69. Kd4 Bd7 70. Bf7 Bc8 71. Bh5 Ba6 72. Bd1 Bf1 73. h4 Bh3 74.
Bh5 Bf1 75. Bg6 Bh3 76. Kc4 Kc6 77. Be8+ Kb6 78. Kd5 Bg4 79. Bd7 h5 80. Ke5 g6
81. Kd5 Bd1 82. Be8 Bg4 83. Kd6 Bf3 84. Bxg6 Bg4 85. Be8 Bh3 86. Bd7 Bg4 87. Ba4
Bf3 88. Kd5 Bg4 89. Kd4 Bf3 90. Be8 Bg4 91. Bd7 Kc7 92. Be8 Kd6 93. Bg6 Ke6 94.
Kc5 a4 95. Be8 Bd1 96. Bb5 Ke7 97. Kb4 Kd6 98. Bxa4 Be2 99. Bb3 Kc6 100. Be6 Bg4
101. Kc4 Kd6 102. Bg8 Bd1 103. Kd4 Bc2 104. Bf7 Bd1 105. Bc4 Ba4 106. Be2 Be8
107. Bd1 Ke6 108. a4 1-0

[Event "Mondiale Semilampo FIDE 2024"]
[Site "New York"]
[Date "28.12.2024"]
[Round "13.83"]
[White "Zhalmakhanov, Ramazan"]
[Black "Gaehwiler, Gabriel"]
[Result "0-1"]
[WhiteTitle "GM"]
[BlackTitle "IM"]
[WhiteElo "2486"]
[BlackElo "2392"]
[WhiteFideId "13706357"]
[BlackFideId "1314530"]
[EventDate "26.12.2024"]

1. e4 c5 2. Nf3 d6 3. Nc3 a6 4. g3 b5 5. Bg2 Bb7 6. d3 e6 7. O-O Be7 8. Nd2 Nd7
9. f4 Qc7 10. a4 b4 11. Ne2 Ngf6 12. h3 c4 13. g4 cxd3 14. cxd3 Nc5 15. Nf3 O-O
16. Be3 Rac8 17. g5 Nh5 18. Nfd4 g6 19. Nb3 Qd7 20. Na5 Ba8 21. Nc4 Qd8 22. a5
Nd7 23. Bf3 Ng7 24. Nb6 Nxb6 25. Bxb6 Qd7 26. Qd2 d5 27. Qe3 Rc2 28. Rfc1 Rfc8
29. Rxc2 Rxc2 30. Nd4 Rc8 31. e5 Bb7 32. Rc1 Qa4 33. Rxc8+ Bxc8 34. Qc1 Qd7 35.
Nc6 Bf8 36. Nb8 Qb7 37. Qc7 Qxc7 38. Bxc7 Bc5+ 39. Kf1 Be3 40. Bb6 Bxf4 41. d4
Nf5 42. Be2 Ng3+ 43. Kf2 Nxe2 44. Kxe2 Bxg5 45. Nc6 Bb7 46. Nxb4 Be7 47. Bc5 Bd8
48. Bb6 Be7 49. Bc5 Kf8 50. Ke3 Ke8 51. Bxe7 Kxe7 52. Kf4 h6 53. h4 Kf8 54. Nd3
Bc6 55. Nf2 Kg7 56. b4 Bb5 57. Ng4 Bc6 58. Ne3 Ba4 59. Ng4 Bb5 60. Nf2 Bc6 61.
Nd3 Bb5 62. Nc5 Bf1 63. Nb7 Bb5 64. Nc5 Bc4 65. Ke3 Bb5 66. Nb7 Bc6 67. Nd6 g5
68. hxg5 hxg5 69. b5 axb5 70. a6 b4 71. a7 b3 72. Kd2 g4 73. Nb5 Kg6 74. Nc3 Kg5
75. Ne2 Kf5 76. Kc3 Ke4 77. Ng3+ Kf3 78. Nh5 g3 79. Nxg3 Kxg3 80. Kxb3 Kf3 81.
Kb4 Ke4 82. Kc5 Ba8 83. Kb6 Kxd4 84. Kc7 Kc5 0-1

[Event "Mondiale Semilampo FIDE 2024"]
[Site "New York"]
[Date "28.12.2024"]
[Round "13.84"]
[White "Papasimakopoulos, Alexandros"]
[Black "George, Kevin"]
[Result "1-0"]
[WhiteTitle "FM"]
[BlackTitle "IM"]
[WhiteElo "2379"]
[BlackElo "2270"]
[WhiteFideId "4244125"]
[BlackFideId "10669515"]
[EventDate "26.12.2024"]

1. Nf3 d5 2. c4 c6 3. b3 Nf6 4. e3 Bf5 5. Be2 Nbd7 6. Bb2 h6 7. d4 e6 8. Nbd2
Bd6 9. O-O O-O 10. Re1 Qe7 11. a3 a5 12. Nf1 Ne4 13. Ng3 Nxg3 14. hxg3 Nf6 15.
Ne5 Bh7 16. g4 Nd7 17. Nxd7 Qxd7 18. Bd3 Bxd3 19. Qxd3 Be7 20. e4 dxe4 21. Rxe4
Bf6 22. Qe2 Rad8 23. Rd1 Qc7 24. f4 g6 25. Rd3 Bg7 26. f5 exf5 27. gxf5 Qd7 28.
fxg6 fxg6 29. d5 Bxb2 30. Qxb2 Rfe8 31. Qe2 Rxe4 32. Qxe4 Qf5 33. Qxf5 gxf5 34.
dxc6 Rxd3 35. c7 Rxb3 36. c8=Q+ Kg7 37. Qxf5 Rxa3 38. Qd7+ Kg8 39. Qe8+ Kh7 40.
Qe7+ 1-0

[Event "Mondiale Semilampo FIDE 2024"]
[Site "New York"]
[Date "28.12.2024"]
[Round "13.85"]
[White "Grahn, Vidar"]
[Black "Degenbaev, Aziz"]
[Result "1/2-1/2"]
[WhiteTitle "FM"]
[BlackTitle "FM"]
[WhiteElo "2263"]
[BlackElo "2260"]
[WhiteFideId "1744780"]
[BlackFideId "13802640"]
[EventDate "26.12.2024"]

1. d4 Nf6 2. c4 g6 3. Nc3 Bg7 4. e4 d6 5. Be2 O-O 6. Be3 e5 7. d5 a5 8. h4 h5 9.
f3 Na6 10. Nh3 Nc5 11. Nf2 c6 12. Qd2 cxd5 13. cxd5 Bd7 14. g4 a4 15. Bg5 Kh7
16. gxh5 gxh5 17. Nd3 Rc8 18. Rc1 Qa5 19. Nxc5 Rxc5 20. Be3 Rcc8 21. Kf2 Ng8 22.
Nb5 Rxc1 23. Rxc1 Qd8 24. Bg5 f6 25. Be3 Bxb5 26. Bxb5 f5 27. exf5 Qxh4+ 28. Ke2
e4 29. fxe4 Nf6 30. Bd3 Qg4+ 31. Ke1 Nxe4 32. f6 Bxf6 33. Qe2 Bh4+ 34. Kd1 Rf1+
35. Kc2 Rxc1+ 36. Bxc1 Qxe2+ 37. Bxe2 Kg6 38. Bb5 Nf6 39. Bf4 Bg5 40. Bd3+ Kh6
41. Bxd6 h4 42. Bf8+ Kh5 43. Be2+ Kg6 44. Bf3 Nd7 45. Bd6 Bf6 46. Bg4 Ne5 47.
Bxe5 1/2-1/2

[Event "Mondiale Semilampo FIDE 2024"]
[Site "New York"]
[Date "28.12.2024"]
[Round "13.86"]
[White "Makoto, Rodwell"]
[Black "Esquivel Golcher, Luis Enrique"]
[Result "1/2-1/2"]
[WhiteTitle "IM"]
[BlackTitle "FM"]
[WhiteElo "2334"]
[BlackElo "2081"]
[WhiteFideId "11000120"]
[BlackFideId "6600174"]
[EventDate "26.12.2024"]

1. Nf3 Nf6 2. c4 c5 3. g3 b6 4. Bg2 Bb7 5. O-O g6 6. Nc3 Bg7 7. d4 cxd4 8. Qxd4
Nc6 9. Qf4 O-O 10. Rd1 d6 11. Qh4 Nb8 12. Bh6 Nbd7 13. Nd5 Bxd5 14. cxd5 Rc8 15.
Nd4 Ne5 16. Bxg7 Kxg7 17. f4 Neg4 18. Nc6 Rxc6 19. dxc6 b5 20. Bf3 Qb6+ 21. Kh1
h5 22. Rf1 Ne3 23. Qh3 Nfg4 24. Rac1 Rc8 25. f5 Rc7 26. fxg6 fxg6 27. Qh4 Nxf1
28. Rxf1 Ne3 29. Rc1 Nf5 30. Qe4 e5 31. Qd5 Qe3 32. Rf1 Qd4 33. Qxb5 e4 34. Bg2
Ne3 35. Rb1 Ng4 36. h3 Nf2+ 37. Kh2 h4 38. gxh4 d5 39. Qb3 e3 40. Qc3 Qxc3 41.
bxc3 Rxc6 42. Bxd5 Rxc3 43. Rb7+ Kf6 44. Rxa7 Ke5 45. Bf3 Rc1 46. a4 Nd1 47. a5
Nc3 48. Rc7 Kd4 49. a6 Ra1 50. Rc6 Ra2 51. Rxg6 Nxe2 52. Bxe2 Rxe2+ 53. Kg3 Ra2
54. h5 Ra1 55. Rd6+ Ke4 56. Re6+ Kd3 57. h6 Rg1+ 58. Kf4 e2 59. h7 Rf1+ 60. Kg5
Rf8 61. Kg6 Ra8 62. Kg7 Ra7+ 63. Kg8 Ra8+ 64. Kf7 Ra7+ 65. Kg6 Ra8 66. h4 Kd2
67. h5 e1=Q 68. Rxe1 Kxe1 69. Kg7 Ra7+ 70. Kg8 Ra8+ 71. Kg7 Ra7+ 1/2-1/2

[Event "Mondiale Semilampo FIDE 2024"]
[Site "New York"]
[Date "28.12.2024"]
[Round "13.87"]
[White "Pereira, Fabian"]
[Black "Larrea, Manuel"]
[Result "1-0"]
[WhiteTitle "CM"]
[BlackTitle "FM"]
[WhiteElo "2123"]
[BlackElo "2259"]
[WhiteFideId "3701263"]
[BlackFideId "3000508"]
[EventDate "26.12.2024"]

1. e4 c5 2. Nf3 Nc6 3. d4 cxd4 4. Nxd4 Nf6 5. Nc3 d6 6. Bg5 e6 7. Qd3 a6 8.
O-O-O Bd7 9. f4 Be7 10. Be2 Rc8 11. Nxc6 Bxc6 12. Bf3 b5 13. Bxf6 gxf6 14. Ne2
Qc7 15. Kb1 Bd7 16. f5 Qc4 17. fxe6 fxe6 18. Bh5+ Kd8 19. Qd2 b4 20. Nd4 Rc5 21.
Be2 1-0

[Event "Mondiale Semilampo FIDE 2024"]
[Site "New York"]
[Date "28.12.2024"]
[Round "13.88"]
[White "Meylan, Andre"]
[Black "Wong, Hayoung"]
[Result "1-0"]
[WhiteTitle "CM"]
[WhiteElo "2138"]
[BlackElo "1704"]
[WhiteFideId "1301225"]
[BlackFideId "13205145"]
[EventDate "26.12.2024"]

1. e4 e5 2. Nf3 Nc6 3. Nc3 Nf6 4. d4 exd4 5. Nd5 h6 6. Nxd4 Bc5 7. Nb5 Bb6 8.
Bf4 d6 9. Bd3 O-O 10. O-O Ne5 11. Qd2 c6 12. Nxb6 axb6 13. Nc3 Qe7 14. h3 Be6
15. Bg3 Rfd8 16. f4 Nc4 17. Qc1 b5 18. b3 Nb6 19. Qe3 Nc8 20. Rae1 Qf8 21. Bh4
d5 1-0